[Event "Carlsen Tour Final"]
[Site "chess24.com INT"]
[Date "2020.08.19"]
[Round "2.61"]
[White "Carlsen, Magnus"]
[Black "Nakamura, Hikaru"]
[Result "1-0"]
[WhiteElo "2863"]
[BlackElo "2736"]
[PlyCount "81"]
[EventDate "2020.08.09"]
[EventType "k.o. (rapid)"]
[EventRounds "2"]
[EventCountry "USA"]
[SourceTitle "EXT 2021"]
[Source "ChessBase"]
[SourceDate "2020.10.23"]
[SourceVersion "1"]
[SourceVersionDate "2020.10.23"]
[SourceQuality "1"]

1. d4 Nf6 2. c4 e6 3. Nc3 Bb4 4. e3 O-O 5. Bd3 c5 6. Nge2 d5 7. a3 Bxc3+ 8.
bxc3 dxc4 9. Bxc4 Qc7 10. Ba2 b6 11. O-O Ba6 12. Bb2 Nc6 13. Rc1 Rac8 14. c4
cxd4 15. exd4 Qe7 16. d5 exd5 17. Re1 Bxc4 18. Ng3 Qd8 19. Bb1 b5 20. Nf5 d4
21. Qd2 Be6 22. Rc5 a6 23. Nxg7 Kxg7 24. Qg5+ Kh8 25. Qh4 Rg8 26. Rxc6 Rxc6 27.
Bxd4 Kg7 28. Qxh7+ Kf8 29. Qh6+ Ke8 30. Bxf6 Qa5 31. Qe3 Qb6 32. Rd1 Rd6 33.
Bd4 Qc6 34. Be4 Qc4 35. h3 Kd7 36. Rd2 Re8 37. Kh2 Bd5 38. Bf5+ Be6 39. Bd3 Qa4
40. Be5 Rd5 41. Qa7+ 1-0

[Event "Chess24 Banter Blitz Cup Final"]
[Site "chess24.com INT"]
[Date "2020.09.22"]
[Round "1.1"]
[White "Carlsen, Magnus"]
[Black "Sunilduth Lyna, Narayanan"]
[Result "1-0"]
[WhiteElo "2863"]
[BlackElo "2618"]
[PlyCount "97"]
[EventDate "2020.09.21"]
[EventType "k.o. (blitz)"]
[EventRounds "4"]
[EventCountry "GER"]
[SourceTitle "EXT 2021"]
[Source "ChessBase"]
[SourceDate "2020.10.23"]
[SourceVersion "1"]
[SourceVersionDate "2020.10.23"]
[SourceQuality "1"]

1. d4 Nf6 2. c4 e6 3. Nf3 d5 4. Nc3 Bb4 5. Bg5 h6 6. Bxf6 Qxf6 7. Qa4+ Nc6 8.
e3 O-O 9. Rc1 Rd8 10. a3 Bf8 11. Be2 a6 12. O-O Rb8 13. Rfd1 dxc4 14. Qxc4 Bd7
15. Ne4 Qf5 16. Nc5 Be8 17. Bd3 Qd5 18. Qc2 Bxc5 19. Be4 Qd6 20. Qxc5 Rbc8 21.
h4 f5 22. Bb1 Bh5 23. Ba2 Bxf3 24. gxf3 Kh8 25. Qxd6 Rxd6 26. Rc5 g6 27. Rdc1
Kg7 28. Bb3 Kf6 29. Ba4 Rb8 30. b4 g5 31. hxg5+ hxg5 32. Bxc6 bxc6 33. Rxc6 a5
34. bxa5 Ra8 35. Rxc7 Rxa5 36. Rh7 Rxa3 37. Rcc7 Kg6 38. Rcg7+ Kf6 39. Rg8 f4
40. e4 Rxd4 41. Kg2 Rdd3 42. Rh6+ Kf7 43. Rxg5 Rxf3 44. Rgg6 Rfd3 45. Rf6+ Kg7
46. Rhg6+ Kh7 47. Rxe6 Rd4 48. Rgf6 Kg7 49. Rxf4 1-0

[Event "Chess24 Banter Blitz Cup Final"]
[Site "chess24.com INT"]
[Date "2020.09.22"]
[Round "1.2"]
[White "Sunilduth Lyna, Narayanan"]
[Black "Carlsen, Magnus"]
[Result "0-1"]
[WhiteElo "2618"]
[BlackElo "2863"]
[PlyCount "82"]
[EventDate "2020.09.21"]
[EventType "k.o. (blitz)"]
[EventRounds "4"]
[EventCountry "GER"]
[SourceTitle "EXT 2021"]
[Source "ChessBase"]
[SourceDate "2020.10.23"]
[SourceVersion "1"]
[SourceVersionDate "2020.10.23"]
[SourceQuality "1"]

1. e4 e5 2. Nf3 Nc6 3. Bb5 Nf6 4. d4 exd4 5. e5 Ne4 6. O-O a6 7. Bc4 d5 8. exd6
Nxd6 9. Bb3 Bg4 10. h3 Bxf3 11. Qxf3 Be7 12. Bf4 O-O 13. Rd1 Bg5 14. Bg3 Qd7
15. Nd2 Rae8 16. Nc4 Ne4 17. Ne5 Nxe5 18. Qxe4 Nc6 19. Qf3 Re7 20. Bd5 Rfe8 21.
Bxc6 bxc6 22. Qd3 c5 23. Qxa6 h5 24. Qc4 h4 25. Bh2 Qf5 26. Qd3 Qf6 27. a4 Re2
28. Rf1 Rd2 29. Qf3 Qxf3 30. gxf3 Rxc2 31. Bxc7 Rxb2 32. a5 d3 33. a6 Ra8 34.
a7 c4 35. Be5 Rb7 36. f4 Bf6 37. Bxf6 gxf6 38. Ra4 c3 39. Rd4 d2 40. Rc4 Rb3
41. Ra1 Rxa7 0-1

[Event "Chess24 Banter Blitz Cup Final"]
[Site "chess24.com INT"]
[Date "2020.09.22"]
[Round "1.3"]
[White "Carlsen, Magnus"]
[Black "Sunilduth Lyna, Narayanan"]
[Result "1/2-1/2"]
[WhiteElo "2863"]
[BlackElo "2618"]
[PlyCount "89"]
[EventDate "2020.09.21"]
[EventType "k.o. (blitz)"]
[EventRounds "4"]
[EventCountry "GER"]
[SourceTitle "EXT 2021"]
[Source "ChessBase"]
[SourceDate "2020.10.23"]
[SourceVersion "1"]
[SourceVersionDate "2020.10.23"]
[SourceQuality "1"]

1. e4 e5 2. Nf3 Nc6 3. Bb5 Nf6 4. d3 Bc5 5. Bxc6 dxc6 6. Nbd2 O-O 7. Qe2 Re8 8.
Nc4 Nd7 9. h4 a5 10. Bg5 f6 11. Bd2 a4 12. g4 Nb6 13. Nxb6 cxb6 14. Rg1 b5 15.
a3 Bf8 16. h5 c5 17. Nh4 h6 18. Nf5 Be6 19. Kf1 Qd7 20. Kg2 c4 21. dxc4 Bxc4
22. Qe3 Red8 23. Rgd1 Be6 24. Ba5 Qxd1 25. Rxd1 Rxd1 26. Qb6 Bxf5 27. gxf5 Rd4
28. Qxb5 Kh8 29. Bc3 Rd1 30. Qxb7 Rad8 31. Qc6 Rc1 32. Qxa4 Bc5 33. Qc4 Bd4 34.
Bd2 Rd1 35. Ba5 Rb8 36. c3 Bxf2 37. Kxf2 Rxb2+ 38. Kf3 Rh1 39. Qf7 Rh3+ 40. Kg4
Re3 41. Qe8+ Kh7 42. Qg6+ Kh8 43. Qe8+ Kh7 44. Qg6+ Kh8 45. Qe8+ 1/2-1/2

[Event "Chess24 Banter Blitz Cup Final"]
[Site "chess24.com INT"]
[Date "2020.09.22"]
[Round "1.4"]
[White "Sunilduth Lyna, Narayanan"]
[Black "Carlsen, Magnus"]
[Result "0-1"]
[WhiteElo "2618"]
[BlackElo "2863"]
[PlyCount "124"]
[EventDate "2020.09.21"]
[EventType "k.o. (blitz)"]
[EventRounds "4"]
[EventCountry "GER"]
[SourceTitle "EXT 2021"]
[Source "ChessBase"]
[SourceDate "2020.10.23"]
[SourceVersion "1"]
[SourceVersionDate "2020.10.23"]
[SourceQuality "1"]

1. d4 Nf6 2. c4 e6 3. Nf3 d5 4. Nc3 h6 5. Bf4 Bd6 6. Bg3 O-O 7. e3 Bxg3 8. hxg3
Qe7 9. Qc2 Rd8 10. cxd5 exd5 11. Bd3 c5 12. O-O Nc6 13. dxc5 Qxc5 14. Nb5 Qb6
15. Nbd4 Bd7 16. Qb3 Qxb3 17. Nxb3 Rac8 18. a3 Kf8 19. Rac1 Ke7 20. Rfd1 Bg4
21. Nc5 Ne5 22. Be2 b6 23. Nd3 Nxd3 24. Bxd3 Rxc1 25. Rxc1 Rc8 26. Rxc8 Bxc8
27. Nd4 Bd7 28. f3 h5 29. Kf2 g6 30. b4 Ne8 31. e4 dxe4 32. Bxe4 Nd6 33. Bd3
Kf6 34. Ke3 Ke5 35. Be2 Kd5 36. Nc2 Ba4 37. Nd4 Nc4+ 38. Bxc4+ Kxc4 39. f4 Bd7
40. Ke4 a5 41. bxa5 bxa5 42. Ke5 a4 43. Ke4 f6 44. Ke3 Bc8 45. Nc6 Kb3 46. Kd4
Kxa3 47. Kc3 Bb7 48. Ne7 g5 49. f5 Bxg2 50. Ng8 h4 51. gxh4 gxh4 52. Nxf6 Bh3
53. Ne4 Bxf5 54. Ng5 h3 55. Nf3 Bg4 56. Nh2 Be2 57. Kc2 Ka2 58. Kc1 Kb3 59. Kb1
Kc3 60. Ka2 Kd3 61. Ka3 Ke3 62. Kxa4 Kf2 0-1

[Event "Chess24 Banter Blitz Cup Final"]
[Site "chess24.com INT"]
[Date "2020.09.22"]
[Round "1.5"]
[White "Carlsen, Magnus"]
[Black "Sunilduth Lyna, Narayanan"]
[Result "1-0"]
[WhiteElo "2863"]
[BlackElo "2618"]
[PlyCount "103"]
[EventDate "2020.09.21"]
[EventType "k.o. (blitz)"]
[EventRounds "4"]
[EventCountry "GER"]
[SourceTitle "EXT 2021"]
[Source "ChessBase"]
[SourceDate "2020.10.23"]
[SourceVersion "1"]
[SourceVersionDate "2020.10.23"]
[SourceQuality "1"]

1. d4 Nf6 2. Nf3 d5 3. Bf4 e6 4. e3 Bd6 5. Nbd2 O-O 6. c3 c5 7. Bd3 Qc7 8. Bxd6
Qxd6 9. Ne5 b6 10. f4 Ba6 11. Bc2 Nc6 12. g4 Rac8 13. Rg1 Nd7 14. Ndf3 f6 15.
Nxc6 Rxc6 16. g5 f5 17. Kf2 cxd4 18. cxd4 Rfc8 19. Ba4 R6c7 20. Qd2 Bb5 21. Bb3
a5 22. Rgc1 Bc4 23. Bd1 Ba6 24. Rxc7 Qxc7 25. a3 Bb5 26. a4 Ba6 27. b4 axb4 28.
Qxb4 Nf8 29. a5 bxa5 30. Qxa5 Bd3 31. Qxc7 Rxc7 32. Ne5 Be4 33. Ra8 g6 34. Ba4
Kg7 35. Bc6 Re7 36. h4 Rc7 37. Ke1 Re7 38. Kd2 Rc7 39. Kc3 Nd7 40. Nxd7 Rxc6+
41. Nc5 Rb6 42. Ra7+ Kg8 43. Nd7 Rb1 44. Nf6+ Kf8 45. Nxh7+ Ke8 46. Nf6+ Kd8
47. h5 gxh5 48. g6 Rg1 49. g7 h4 50. g8=Q+ Rxg8 51. Nxg8 h3 52. Rh7 1-0

[Event "Chess24 Banter Blitz Cup Final"]
[Site "chess24.com INT"]
[Date "2020.09.22"]
[Round "1.6"]
[White "Sunilduth Lyna, Narayanan"]
[Black "Carlsen, Magnus"]
[Result "0-1"]
[WhiteElo "2618"]
[BlackElo "2863"]
[PlyCount "72"]
[EventDate "2020.09.21"]
[EventType "k.o. (blitz)"]
[EventRounds "4"]
[EventCountry "GER"]
[SourceTitle "EXT 2021"]
[Source "ChessBase"]
[SourceDate "2020.10.23"]
[SourceVersion "1"]
[SourceVersionDate "2020.10.23"]
[SourceQuality "1"]

1. e4 e5 2. Nf3 Nc6 3. Bb5 a6 4. Ba4 Nf6 5. O-O Be7 6. d3 d6 7. c3 O-O 8. Nbd2
Re8 9. Re1 Bf8 10. Nf1 h6 11. Ng3 b5 12. Bb3 Na5 13. Bc2 c5 14. d4 exd4 15.
cxd4 Bg4 16. d5 Nc4 17. h3 Bxf3 18. gxf3 Nd7 19. b3 Ncb6 20. Kh2 g6 21. Rb1 Qh4
22. Be3 Bg7 23. f4 Rac8 24. Rg1 Kh8 25. Qf3 c4 26. b4 c3 27. e5 dxe5 28. f5 e4
29. Nxe4 Ne5 30. Qg2 Nxd5 31. Nd6 Nxe3 32. fxe3 Rcd8 33. Rbd1 Rf8 34. fxg6 fxg6
35. Rgf1 Rxf1 36. Qxf1 Ng4+ 0-1

[Event "Chess24 Banter Blitz Cup Final"]
[Site "chess24.com INT"]
[Date "2020.09.25"]
[Round "2.1"]
[White "Carlsen, Magnus"]
[Black "Giri, Anish"]
[Result "1-0"]
[WhiteElo "2863"]
[BlackElo "2764"]
[PlyCount "91"]
[EventDate "2020.09.21"]
[EventType "k.o. (blitz)"]
[EventRounds "4"]
[EventCountry "GER"]
[SourceTitle "EXT 2021"]
[Source "ChessBase"]
[SourceDate "2020.10.23"]
[SourceVersion "1"]
[SourceVersionDate "2020.10.23"]
[SourceQuality "1"]

1. d4 Nf6 2. c4 e6 3. Nf3 d5 4. Nc3 Bb4 5. e3 O-O 6. a3 Bxc3+ 7. bxc3 c5 8. Qc2
Nc6 9. a4 Re8 10. cxd5 exd5 11. dxc5 Ne4 12. Bd3 h6 13. Ba3 Qa5 14. O-O Nxc5
15. Bb5 Ne4 16. c4 a6 17. Bxc6 bxc6 18. cxd5 cxd5 19. Rfc1 Bd7 20. Bb2 Rac8 21.
Qd1 Rxc1 22. Qxc1 Rc8 23. Qd1 Qb4 24. Be5 Bxa4 25. Qxd5 Bc6 26. Qa2 Bb5 27. h3
Qc4 28. Qxc4 Bxc4 29. Nd4 Nc5 30. Nf5 Re8 31. Bxg7 Be6 32. Nd6 Rd8 33. Be5 Kh7
34. Ra5 Nd3 35. Bg3 Nb4 36. Ra4 Nd5 37. Rxa6 Nc3 38. Kh2 Rd7 39. Be5 Nd5 40. e4
Ne7 41. Ne8 Ng8 42. Ra8 f5 43. Nc7 Re7 44. Bd6 Rd7 45. Nxe6 Rxd6 46. exf5 1-0

[Event "Chess24 Banter Blitz Cup Final"]
[Site "chess24.com INT"]
[Date "2020.09.25"]
[Round "2.2"]
[White "Giri, Anish"]
[Black "Carlsen, Magnus"]
[Result "0-1"]
[WhiteElo "2764"]
[BlackElo "2863"]
[PlyCount "124"]
[EventDate "2020.09.21"]
[EventType "k.o. (blitz)"]
[EventRounds "4"]
[EventCountry "GER"]
[SourceTitle "EXT 2021"]
[Source "ChessBase"]
[SourceDate "2020.10.23"]
[SourceVersion "1"]
[SourceVersionDate "2020.10.23"]
[SourceQuality "1"]

1. Nf3 d5 2. d4 Nf6 3. c4 e6 4. Nc3 a6 5. cxd5 exd5 6. Bg5 Be6 7. e3 Nbd7 8. h3
c6 9. Bd3 Bd6 10. Bf4 Qb8 11. Bxd6 Qxd6 12. O-O O-O 13. Qc2 g6 14. Rfe1 a5 15.
a3 Rfe8 16. Rac1 Rac8 17. Na4 Ne4 18. Bxe4 dxe4 19. Nd2 f5 20. Nc5 Nxc5 21.
Qxc5 Qxc5 22. Rxc5 b6 23. Rc2 c5 24. dxc5 Rxc5 25. Rxc5 bxc5 26. Rc1 Rb8 27.
Rc2 Kf7 28. Kf1 Ke7 29. Ke1 Kd6 30. Kd1 Kc6 31. Kc1 a4 32. Nb1 g5 33. Nc3 Bb3
34. Rd2 h5 35. Ne2 h4 36. Nc3 g4 37. hxg4 Rg8 38. f3 exf3 39. gxf3 fxg4 40.
fxg4 Rxg4 41. Rh2 Kd6 42. Kd2 Ke5 43. Ke2 Kf5 44. Kf2 Kg5 45. Rh1 Be6 46. Rh2
Rc4 47. Rg2+ Kf6 48. Rg1 h3 49. Rh1 Rh4 50. Rh2 Ke5 51. Kg3 Rh8 52. Kf3 Rd8 53.
Ke2 Bd7 54. Kf2 Rg8 55. Kf3 Bc6+ 56. e4 Bd7 57. Rd2 Be6 58. Rh2 Rd8 59. Ke3 c4
60. Ke2 Kf4 61. Rf2+ Kg3 62. Rf6 Bg4+ 0-1

[Event "Chess24 Banter Blitz Cup Final"]
[Site "chess24.com INT"]
[Date "2020.09.25"]
[Round "2.3"]
[White "Carlsen, Magnus"]
[Black "Giri, Anish"]
[Result "1-0"]
[WhiteElo "2863"]
[BlackElo "2764"]
[PlyCount "63"]
[EventDate "2020.09.21"]
[EventType "k.o. (blitz)"]
[EventRounds "4"]
[EventCountry "GER"]
[SourceTitle "EXT 2021"]
[Source "ChessBase"]
[SourceDate "2020.10.23"]
[SourceVersion "1"]
[SourceVersionDate "2020.10.23"]
[SourceQuality "1"]

1. d4 Nf6 2. c4 e6 3. Nf3 d5 4. Nc3 Bb4 5. e3 O-O 6. a3 Bxc3+ 7. bxc3 c6 8. a4
b6 9. a5 Ba6 10. axb6 axb6 11. Bd3 Qc8 12. O-O Nbd7 13. Ba3 Re8 14. Nd2 c5 15.
Bb2 dxc4 16. Nxc4 Qc7 17. Nd6 Qxd6 18. Bxa6 Red8 19. Be2 e5 20. Rxa8 Rxa8 21.
Qb3 h5 22. h3 cxd4 23. cxd4 exd4 24. Bxd4 Nc5 25. Qb2 h4 26. Rd1 Qe6 27. Bf3
Ra2 28. Qb1 Ra5 29. Bc3 Ra3 30. Rd8+ Ne8 31. Qb5 Kf8 32. Bc6 1-0

[Event "Chess24 Banter Blitz Cup Final"]
[Site "chess24.com INT"]
[Date "2020.09.25"]
[Round "2.4"]
[White "Giri, Anish"]
[Black "Carlsen, Magnus"]
[Result "1/2-1/2"]
[WhiteElo "2764"]
[BlackElo "2863"]
[PlyCount "89"]
[EventDate "2020.09.21"]
[EventType "k.o. (blitz)"]
[EventRounds "4"]
[EventCountry "GER"]
[SourceTitle "EXT 2021"]
[Source "ChessBase"]
[SourceDate "2020.10.23"]
[SourceVersion "1"]
[SourceVersionDate "2020.10.23"]
[SourceQuality "1"]

1. Nf3 Nf6 2. c4 e6 3. Nc3 c5 4. e3 d5 5. d4 a6 6. cxd5 exd5 7. Be2 Nc6 8. O-O
Bg4 9. b3 Rc8 10. dxc5 Bxc5 11. Bb2 O-O 12. h3 Bh5 13. Nh4 Bg6 14. Nxg6 hxg6
15. Bf3 d4 16. Na4 Ba7 17. Bxc6 Rxc6 18. Bxd4 Bxd4 19. exd4 Rd6 20. Qf3 b5 21.
Nc5 Rxd4 22. Rad1 Rxd1 23. Rxd1 Qb6 24. Ne4 Nxe4 25. Qxe4 Rd8 26. Rc1 b4 27. g3
a5 28. Kg2 Qd6 29. Rc6 Qd5 30. Qxd5 Rxd5 31. Ra6 g5 32. Kf3 f6 33. Ke3 Kf7 34.
Ra7+ Kg6 35. g4 Rc5 36. f3 f5 37. Ra6+ Kh7 38. gxf5 Rxf5 39. Kf2 g6 40. Ra7+
Kh6 41. Kg3 Rc5 42. Ra8 Rf5 43. Ra7 Rc5 44. Ra8 Rf5 45. Ra7 1/2-1/2

[Event "Chess24 Banter Blitz Cup Final"]
[Site "chess24.com INT"]
[Date "2020.09.25"]
[Round "2.5"]
[White "Carlsen, Magnus"]
[Black "Giri, Anish"]
[Result "1-0"]
[WhiteElo "2863"]
[BlackElo "2764"]
[PlyCount "73"]
[EventDate "2020.09.21"]
[EventType "k.o. (blitz)"]
[EventRounds "4"]
[EventCountry "GER"]
[SourceTitle "EXT 2021"]
[Source "ChessBase"]
[SourceDate "2020.10.23"]
[SourceVersion "1"]
[SourceVersionDate "2020.10.23"]
[SourceQuality "1"]

1. d4 Nf6 2. Nf3 d5 3. Bf4 Bf5 4. e3 e6 5. c4 Bxb1 6. Rxb1 Bb4+ 7. Ke2 dxc4 8.
Qa4+ Nc6 9. Ne5 a5 10. Nxc6 Qd7 11. a3 Bd6 12. g3 Qxc6 13. Qxc6+ bxc6 14. Bg2
Kd7 15. Rhc1 Rhb8 16. Rxc4 Nd5 17. Be4 h6 18. h4 Rb6 19. Kd2 Rab8 20. Kc1 Rb3
21. Ra4 R3b5 22. Bd3 Rb3 23. Bc2 R3b5 24. Bxd6 cxd6 25. Bd3 Rb3 26. Bc4 R3b7
27. Bxd5 cxd5 28. Rxa5 Rc8+ 29. Kd1 Rbc7 30. b4 Ke7 31. b5 Rc2 32. Ra7+ Kf6 33.
b6 Rxf2 34. Rc7 Ra8 35. b7 Rxa3 36. b8=Q Raa2 37. Qb5 1-0

[Event "Chess24 Banter Blitz Cup Final"]
[Site "chess24.com INT"]
[Date "2020.09.25"]
[Round "2.6"]
[White "Giri, Anish"]
[Black "Carlsen, Magnus"]
[Result "1-0"]
[WhiteElo "2764"]
[BlackElo "2863"]
[PlyCount "55"]
[EventDate "2020.09.21"]
[EventType "k.o. (blitz)"]
[EventRounds "4"]
[EventCountry "GER"]
[SourceTitle "EXT 2021"]
[Source "ChessBase"]
[SourceDate "2020.10.23"]
[SourceVersion "1"]
[SourceVersionDate "2020.10.23"]
[SourceQuality "1"]

1. e4 e5 2. Nf3 Nc6 3. Bc4 Bc5 4. c3 d6 5. d3 Nf6 6. O-O h6 7. Nbd2 O-O 8. Re1
Re8 9. b4 Bb6 10. a4 a5 11. b5 Ne7 12. Qb3 Rf8 13. d4 Ng6 14. h3 Nh5 15. Bf1
Qf6 16. Qd1 exd4 17. cxd4 Bxd4 18. e5 Bxf2+ 19. Kxf2 Nxe5 20. Ra3 Bf5 21. Kg1
Rae8 22. Nxe5 Rxe5 23. Rxe5 Qxe5 24. Nc4 Qc5+ 25. Be3 Qb4 26. Qxh5 Be6 27. Bd2
Qb1 28. Rc3 1-0

[Event "Chess24 Banter Blitz Cup Final"]
[Site "chess24.com INT"]
[Date "2020.09.25"]
[Round "2.7"]
[White "Carlsen, Magnus"]
[Black "Giri, Anish"]
[Result "1-0"]
[WhiteElo "2863"]
[BlackElo "2764"]
[PlyCount "61"]
[EventDate "2020.09.21"]
[EventType "k.o. (blitz)"]
[EventRounds "4"]
[EventCountry "GER"]
[SourceTitle "EXT 2021"]
[Source "ChessBase"]
[SourceDate "2020.10.23"]
[SourceVersion "1"]
[SourceVersionDate "2020.10.23"]
[SourceQuality "1"]

1. d4 Nf6 2. c4 e6 3. Nf3 d5 4. Nc3 Bb4 5. e3 O-O 6. a3 Bxc3+ 7. bxc3 c5 8. Qc2
Nc6 9. a4 Re8 10. cxd5 exd5 11. dxc5 Qa5 12. Be2 Bf5 13. Qb2 d4 14. Nxd4 Nxd4
15. exd4 Bd3 16. Be3 Bxe2 17. Kxe2 Nd5 18. Rhe1 Qa6+ 19. Kd2 h6 20. Qb5 Qf6 21.
a5 Qf5 22. Qd3 Qg4 23. g3 Rad8 24. Kc2 Re6 25. Bd2 Nf6 26. Rxe6 Qxe6 27. c4 Qc6
28. Be3 Nd7 29. d5 Qc7 30. Qd4 Rc8 31. a6 1-0

[Event "Chess24 Banter Blitz Cup Final"]
[Site "chess24.com INT"]
[Date "2020.09.26"]
[Round "3.1"]
[White "Carlsen, Magnus"]
[Black "Aronian, Levon"]
[Result "0-1"]
[WhiteElo "2863"]
[BlackElo "2773"]
[PlyCount "118"]
[EventDate "2020.09.21"]
[EventType "k.o. (blitz)"]
[EventRounds "4"]
[EventCountry "GER"]
[SourceTitle "EXT 2021"]
[Source "ChessBase"]
[SourceDate "2020.10.23"]
[SourceVersion "1"]
[SourceVersionDate "2020.10.23"]
[SourceQuality "1"]

1. d4 Nf6 2. c4 g6 3. Nc3 d5 4. Nf3 Bg7 5. h4 c6 6. cxd5 cxd5 7. Bf4 Nc6 8. e3
O-O 9. Qb3 b6 10. Be2 Bb7 11. O-O Ne4 12. Rfc1 e6 13. Bd3 Nd6 14. Nb5 Nc4 15.
Bxc4 Na5 16. Qd1 dxc4 17. Nd6 Bd5 18. e4 Bc6 19. b4 Nb7 20. b5 Bd5 21. exd5
Nxd6 22. dxe6 Nxb5 23. a4 Nxd4 24. Bg5 Nxf3+ 25. Qxf3 fxe6 26. Bxd8 Rxf3 27.
gxf3 Bxa1 28. Bg5 Bd4 29. Rxc4 Bc5 30. Be3 Rc8 31. a5 Kf7 32. axb6 axb6 33. Kg2
Ke7 34. h5 gxh5 35. Rh4 Rg8+ 36. Kh3 Rf8 37. Bxc5+ bxc5 38. Rxh5 Rxf3+ 39. Kg4
Rf5 40. Rxh7+ Kd6 41. f4 c4 42. Rh8 c3 43. Rd8+ Kc5 44. Kf3 Kc4 45. Ke3 Rd5 46.
Rc8+ Rc5 47. Rb8 Rc6 48. Ke2 Rd6 49. Rc8+ Kb3 50. Rb8+ Ka2 51. Ra8+ Kb2 52.
Rb8+ Kc1 53. Rc8 c2 54. Rb8 Rd4 55. Ke3 Rc4 56. Rb6 Kd1 57. Rd6+ Ke1 58. Rxe6
c1=Q+ 59. Kd3+ Kd1 0-1

[Event "Chess24 Banter Blitz Cup Final"]
[Site "chess24.com INT"]
[Date "2020.09.26"]
[Round "3.2"]
[White "Aronian, Levon"]
[Black "Carlsen, Magnus"]
[Result "1-0"]
[WhiteElo "2773"]
[BlackElo "2863"]
[PlyCount "115"]
[EventDate "2020.09.21"]
[EventType "k.o. (blitz)"]
[EventRounds "4"]
[EventCountry "GER"]
[SourceTitle "EXT 2021"]
[Source "ChessBase"]
[SourceDate "2020.10.23"]
[SourceVersion "1"]
[SourceVersionDate "2020.10.23"]
[SourceQuality "1"]

1. e4 c5 2. Nf3 d6 3. d4 cxd4 4. Qxd4 Nf6 5. Nc3 Nc6 6. Qe3 g6 7. Bc4 Bg7 8. h3
O-O 9. O-O Nd7 10. Rd1 b6 11. Nd5 Bb7 12. c3 Rc8 13. Bb3 Nc5 14. Bc2 e6 15. Nf4
Qe7 16. Qe2 Rfd8 17. Rb1 Ne5 18. Nd4 a6 19. a4 h5 20. f3 Qf6 21. Qf2 h4 22. b3
d5 23. exd5 Bxd5 24. Nxd5 exd5 25. Be3 Nc6 26. b4 Nd7 27. Bb3 Ne7 28. Ne2 a5
29. Bd4 Qg5 30. Bxg7 Kxg7 31. f4 Qf6 32. Bxd5 Nxd5 33. Rxd5 Nf8 34. Rbd1 Rxd5
35. Rxd5 axb4 36. cxb4 Rc2 37. Qe3 Ne6 38. Qe5 Rb2 39. a5 Rxb4 40. axb6 Rxb6
41. Qxf6+ Kxf6 42. Rd2 Rb4 43. Kf2 Nc5 44. Rc2 Ne4+ 45. Ke3 Nd6 46. Kf2 Nf5 47.
Rd2 Ra4 48. Rc2 Nd6 49. Rc6 Ke6 50. Rc2 Ne4+ 51. Ke3 f5 52. Nd4+ Kd5 53. Nf3
Ra3+ 54. Ke2 Nc3+ 55. Kf2 Nd1+ 56. Kg1 Ne3 57. Rd2+ Ke4 58. Rd4# 1-0

[Event "Chess24 Banter Blitz Cup Final"]
[Site "chess24.com INT"]
[Date "2020.09.26"]
[Round "3.3"]
[White "Carlsen, Magnus"]
[Black "Aronian, Levon"]
[Result "1-0"]
[WhiteElo "2863"]
[BlackElo "2773"]
[PlyCount "103"]
[EventDate "2020.09.21"]
[EventType "k.o. (blitz)"]
[EventRounds "4"]
[EventCountry "GER"]
[SourceTitle "EXT 2021"]
[Source "ChessBase"]
[SourceDate "2020.10.23"]
[SourceVersion "1"]
[SourceVersionDate "2020.10.23"]
[SourceQuality "1"]

1. d4 Nf6 2. Nf3 g6 3. Bf4 Bg7 4. e3 c5 5. c3 cxd4 6. cxd4 O-O 7. Nc3 d6 8. Be2
Nc6 9. O-O Nh5 10. Bg5 h6 11. Bh4 g5 12. d5 gxh4 13. Nxh4 Nf6 14. dxc6 bxc6 15.
Rc1 Rb8 16. b3 Qa5 17. Na4 c5 18. Qd3 Rd8 19. Rfd1 Bd7 20. Nf5 c4 21. Nxe7+ Kf8
22. Rxc4 Kxe7 23. Qxd6+ Ke8 24. Rc5 Qb4 25. Re5+ Be6 26. Bb5+ Qxb5 27. Rxb5
Rxd6 28. Rxb8+ Ke7 29. Rb7+ Nd7 30. Rxd6 Kxd6 31. Rxa7 Bd5 32. Kf1 h5 33. Rxd7+
Kxd7 34. Nb6+ Kc6 35. Nxd5 Kxd5 36. Ke2 Bf8 37. Kd3 f5 38. f3 Ba3 39. g3 Bd6
40. a4 Bb4 41. h3 Be1 42. g4 fxg4 43. fxg4 h4 44. e4+ Ke5 45. g5 Ba5 46. Kc4
Bd2 47. g6 Kf6 48. b4 Kxg6 49. a5 Kg5 50. a6 Be3 51. e5 Kf4 52. e6 1-0

[Event "Chess24 Banter Blitz Cup Final"]
[Site "chess24.com INT"]
[Date "2020.09.26"]
[Round "3.4"]
[White "Aronian, Levon"]
[Black "Carlsen, Magnus"]
[Result "0-1"]
[WhiteElo "2773"]
[BlackElo "2863"]
[PlyCount "132"]
[EventDate "2020.09.21"]
[EventType "k.o. (blitz)"]
[EventRounds "4"]
[EventCountry "GER"]
[SourceTitle "EXT 2021"]
[Source "ChessBase"]
[SourceDate "2020.10.23"]
[SourceVersion "1"]
[SourceVersionDate "2020.10.23"]
[SourceQuality "1"]

1. e4 c5 2. Nf3 d6 3. d4 cxd4 4. Qxd4 Nf6 5. Nc3 Nc6 6. Qe3 a6 7. Nd5 e6 8.
Nxf6+ Qxf6 9. c3 Qd8 10. Bd3 Be7 11. O-O O-O 12. Rd1 Qc7 13. a4 b6 14. Qe2 Bb7
15. Bf4 Rfd8 16. h4 h6 17. g4 Ne5 18. Nxe5 dxe5 19. Bg3 Bc6 20. f3 b5 21. axb5
axb5 22. Rxa8 Rxa8 23. b4 Be8 24. Qb2 Rc8 25. Rc1 Qd8 26. Rd1 Bxh4 27. Bxe5 Bf6
28. Be2 Qe7 29. Bd6 Qa7+ 30. Bc5 Qc7 31. Kg2 h5 32. gxh5 Qe5 33. Qd2 Qxh5 34.
Rh1 Qg6+ 35. Kf2 Be5 36. Rg1 Qf6 37. Qg5 Qxg5 38. Rxg5 Bxc3 39. Be7 Bd4+ 40.
Ke1 Be3 41. Rg2 Rc1+ 42. Bd1 f5 43. Rc2 Ra1 44. Rc8 Kf7 45. Rc7 Kg6 46. Ke2 Bf4
47. Rc5 fxe4 48. Bc2 Ra2 49. fxe4 Kf7 50. Bd8 Bd6 51. Rc3 Bxb4 52. Rc7+ Kg8 53.
Kf3 Ba5 54. Rc8 Bxd8 55. Rxd8 Rxc2 56. Rxe8+ Kf7 57. Rb8 Rc5 58. Kf4 g5+ 59.
Kg4 Kf6 60. Rg8 Ke5 61. Rxg5+ Kd4 62. Rg6 Kxe4 63. Rxe6+ Kd3 64. Kf3 b4 65.
Rd6+ Kc2 66. Ke3 Rc3+ 0-1

[Event "Chess24 Banter Blitz Cup Final"]
[Site "chess24.com INT"]
[Date "2020.09.26"]
[Round "3.5"]
[White "Carlsen, Magnus"]
[Black "Aronian, Levon"]
[Result "1/2-1/2"]
[WhiteElo "2863"]
[BlackElo "2773"]
[PlyCount "126"]
[EventDate "2020.09.21"]
[EventType "k.o. (blitz)"]
[EventRounds "4"]
[EventCountry "GER"]
[SourceTitle "EXT 2021"]
[Source "ChessBase"]
[SourceDate "2020.10.23"]
[SourceVersion "1"]
[SourceVersionDate "2020.10.23"]
[SourceQuality "1"]

1. c4 g6 2. g3 c5 3. Bg2 Bg7 4. Nc3 Nc6 5. Nf3 d6 6. O-O e6 7. e3 Nge7 8. d4
O-O 9. Bd2 a6 10. d5 Na5 11. b3 b5 12. dxe6 fxe6 13. Ne4 bxc4 14. Bxa5 Qxa5 15.
Qxd6 Nf5 16. Qxc5 Qxc5 17. Nxc5 Bxa1 18. Rxa1 cxb3 19. axb3 Rb8 20. Ne5 Rb5 21.
Rc1 Rd8 22. Nc6 Re8 23. Ne4 Rf8 24. g4 Nh4 25. Ne7+ Kh8 26. Nxc8 Rxb3 27. Ncd6
a5 28. Ra1 a4 29. Rxa4 Rb1+ 30. Bf1 Nf3+ 31. Kg2 g5 32. Ra7 Nh4+ 33. Kh3 Rf3+
34. Ng3 Rxf1 35. Nf7+ Kg8 36. Nxg5 R1xf2 37. Nxf3 Nxf3 38. Ne4 Re2 39. Kg3 Nxh2
40. Nf6+ Kf8 41. Nxh7+ Ke8 42. Nf6+ Kf8 43. e4 Nf1+ 44. Kf4 Ne3 45. Kg5 Nc4 46.
Nd7+ Ke8 47. Nc5 Nd6 48. Kf6 Nxe4+ 49. Nxe4 Rxe4 50. g5 Rf4+ 51. Kg7 e5 52. g6
e4 53. Kh6 e3 54. g7 Rg4 55. Ra8+ Kf7 56. Rf8+ Ke6 57. g8=Q+ Rxg8 58. Rxg8 Kf5
59. Kh5 Kf4 60. Kh4 e2 61. Re8 Kf3 62. Kh3 Kf2 63. Rxe2+ Kxe2 1/2-1/2